It looks like you're offline.
Open Library logo
additional options menu

MARC record from Internet Archive

LEADER: 01041cam 2200301M 4500
001 4487237
005 20080530104237.0
008 870722s1877 ilua 000 0aeng d
035 $a(OCoLC)19374494
035 $a4487237
040 $aPAU$cPAU$dOCLCQ$dNIC
100 1 $aMoody, Dwight Lyman,$d1837-1899.
245 10 $aAnecdotes and illustrations of D.L. Moody.
250 $a[Revised ed.].
260 $aChicago :$bRhodes & Mcclure,$c1877.
300 $a[16], 192, [4] p. ;$c22 cm.
541 $aRare Annex Copy 1: Gift of Henry Williams Sage.
650 0 $aHomiletical illustrations.
650 0 $aChristian life$vFiction.
700 1 $aMcClure, J. B.$q(James Baird),$d1832-1895.
903 $aKirtas/Annex$d20080530$p31924029353756
947 $lolin$aBV3797$b.M81 1877$c1$y31924029353756
948 2 $a20030106$bx$dbatch$ects
948 3 $a20030106$hrecon1$iedx.mars.coo.ftp.v02m12.cc.bib
948 2 $a20050526$bm$dds279$ects
948 1 $a20050526$bl$dds279$ects$f?$h?
948 2 $a20050526$bw$dds279$ects
995 $aHivolm$d20070409